LEADER 00897nam0 2200277 450 001 000001380 005 20081105161017.0 100 $a20000509d1977----km-y0itay50------ba 101 0 $aita 102 $aIT 200 1 $aElementi di teoria degli insiemi$fFederico Cafiero, Antonio Zitarosa 210 $a[Napoli]$cLiguori$d1977 215 $a79 p.$d21 cm 225 2 $aQuaderni di analisi matematica 410 0$12001$aQuaderni di analisi matematica 610 1 $aInsiemi$aTeoria 676 $a511.3 676 $a511.322$v20$9Matematica. Principi generali. Teoria degli insiemi 700 1$aCafiero,$bFederico$0349 701 1$aZitarosa,$bAntonio$0343247 801 0$aIT$bUNIPARTHENOPE$gRICA$2UNIMARC 912 $a000001380 951 $cPIST$aP1 511-E/3$b21648$d20000516 951 $aM 511.322/3$bM148$cDSA$d2008 996 $aElementi di teoria degli insiemi$974538 997 $aUNIPARTHENOPE LEADER 02058oam 2200433Ia 450 001 9910696370003321 005 20080109133503.0 035 $a(CKB)5470000002377129 035 $a(OCoLC)189836110 035 $a(EXLCZ)995470000002377129 100 $a20080109d2004 ua 0 101 0 $aeng 115 $ab|||||z|||||||||uz 135 $aurcn||||||||| 181 $ctxt$2rdacontent 182 $cc$2rdamedia 183 $acr$2rdacarrier 200 10$aTime-series photographs of the sea floor in western Massachusetts Bay, May 1999 to September 1999, May 2000 to September 2000, and October 2001 to February 2002$b[electronic resource] /$fBradford Butman, P. Soupy Alexander, and Michael H. Bothner 210 1$aWoods Hole, MA :$cU.S. Dept. of the Interior, U.S. Geological Survey, Coastal and Marine Geology, Woods Hole Science Center,$d2004. 215 $a1 electronic text $cHTML, digital, PDF file 225 1 $aU.S. Geological Survey data series ;$v97 300 $aTitle from HTML title screen (viewed on Jan. 9, 2008). 300 $aAt head of title: Woods Hole Science Center. 320 $aIncludes bibliographical references. 330 $aObservations obtained to monitor sediment resuspension and transport in Bay. Part of pilot project to develop a mechanism to digitally view, archive, and distribute time series bottom photographs. 606 $aOcean bottom$zMassachusetts$zMassachusetts Bay$vPhotographs 615 0$aOcean bottom 700 $aButman$b Bradford$01381636 701 $aAlexander$b P. Soupy$g(Patricia Soupy)$01402489 701 $aBothner$b Michael H$01385909 712 02$aGeological Survey (U.S.) 712 02$aUSGS Science Center for Coastal and Marine Geology (Woods Hole, Mass.) 801 0$bGPO 801 1$bGPO 801 2$bGPO 906 $aBOOK 912 $a9910696370003321 996 $aTime-series photographs of the sea floor in western Massachusetts Bay, May 1999 to September 1999, May 2000 to September 2000, and October 2001 to February 2002$93473137 997 $aUNINA